1808 : ensayo historico-juridico sobre la clave de la enmancipacion hispanoamericana /
Guardado en:
| Autor Principal: | |
|---|---|
| Formato: | Libro |
| Publicado: |
Buenos Aires :
Instituto de Investigaciones de Historia del Derecho,
2001
|
| Materias: | |
| Etiquetas: |
Agregar Etiqueta
Sin Etiquetas, Sea el primero en etiquetar este registro!
|
| LEADER | 00590nam a22001695a 4500 | ||
|---|---|---|---|
| 001 | EHU.bham024063 | ||
| 003 | AR-BHAM | ||
| 005 | 20140314100642.0 | ||
| 008 | 130507s2001##################000#0#####d | ||
| 082 | 9 | 8 | |a 980 |
| 100 | 1 | |a Martire, Eduardo | |
| 245 | 1 | 0 | |a 1808 : |b ensayo historico-juridico sobre la clave de la enmancipacion hispanoamericana / |c Eduardo Martire |
| 260 | |a Buenos Aires : |b Instituto de Investigaciones de Historia del Derecho, |c 2001 | ||
| 300 | |a 288 p. | ||
| 653 | |a Historia | ||
| 653 | |a Historia de america-siglo19 | ||
| 859 | |a AR-BHAM |b BIB. HUMANIDADES - General |h 980 |i M366 |p 618.01 |t Ej.1 | ||
